<?xml version="1.0" encoding="UTF-8"?>
<marc:record xmlns:marc="http://www.loc.gov/MARC21/slim">
   <marc:leader>00000nam a2200000 a 4500</marc:leader>
   <marc:datafield ind1="1" ind2=" " tag="100">
      <marc:subfield code="a">Kipling, Rudyard</marc:subfield>
      <marc:subfield code="4">ctb</marc:subfield>
      <marc:subfield code="e">Mitwirkende/-r</marc:subfield>
   </marc:datafield>
   <marc:datafield ind1="1" ind2=" " tag="100">
      <marc:subfield code="a">Kincaid, Eric</marc:subfield>
      <marc:subfield code="4">ctb</marc:subfield>
      <marc:subfield code="e">Mitwirkende/-r</marc:subfield>
   </marc:datafield>
   <marc:datafield ind1=" " ind2=" " tag="653">
      <marc:subfield code="a">Softcover / Kinder- und Jugendbücher/Kinderbücher bis 11 Jahre</marc:subfield>
   </marc:datafield>
   <marc:datafield ind1="0" ind2="0" tag="245">
      <marc:subfield code="a">Das Dschungelbuch</marc:subfield>
   </marc:datafield>
   <marc:datafield ind1="0" ind2="0" tag="245">
      <marc:subfield code="c">Rudyard Kipling. In neuer Übers. von Sybil Gräfin Schönfeldt. Durchgehend ill. von Eric Kincaid</marc:subfield>
   </marc:datafield>
   <marc:datafield ind1=" " ind2="1" tag="264">
      <marc:subfield code="a">München</marc:subfield>
      <marc:subfield code="b">Bassermann</marc:subfield>
      <marc:subfield code="c">2011</marc:subfield>
   </marc:datafield>
   <marc:datafield ind1="1" ind2=" " tag="520">
      <marc:subfield code="a">Angaben aus der Verlagsmeldung

Das Dschungelbuch / von Rudyard Kipling

Eine der schönsten Geschichten der Welt mit den schönsten Illustrationen aller Zeiten

Seit über 100 Jahren lassen die Geschichten von Mowgli und seinen Freunden - dem Panther Bagheera und Balloo, dem Bär - Kinder und Erwachsene in die fremde Welt des Dschungels eintauchen. Geschildert wird ein Leben in der Natur, das nur vermeintlcih frei und unbeschwert ist. Denn mit bitterer Feindschaft verfolgt der Tiger Shir Khan das verhasste Menschenkind, bis es schließlich zum entscheidenden Kampf kommt. Die prachtvollen Illustrationen von Eric Kincaid machen aus diesem Band zugleich ein wunderbares Bilderbuch,

</marc:subfield>
   </marc:datafield>
   <marc:datafield ind1=" " ind2=" " tag="020">
      <marc:subfield code="a">9783809429265</marc:subfield>
      <marc:subfield code="9">9783809429265</marc:subfield>
   </marc:datafield>
   <marc:datafield ind1=" " ind2=" " tag="020">
      <marc:subfield code="a">3809429260</marc:subfield>
      <marc:subfield code="9">3809429260</marc:subfield>
   </marc:datafield>
   <marc:datafield ind1=" " ind2=" " tag="041">
      <marc:subfield code="a">ger</marc:subfield>
   </marc:datafield>
   <marc:datafield ind1=" " ind2=" " tag="300">
      <marc:subfield code="a">123 S.</marc:subfield>
   </marc:datafield>
</marc:record>
